| 000 | 01076nam a22002417a 4500 | ||
|---|---|---|---|
| 999 |
_c13525 _d13525 |
||
| 003 | AR-CdUCM | ||
| 008 | 190415b ||||| |||| 00| 0 spa | ||
| 040 |
_aMUNICIPALIDAD PROVINCIAL DEL CUSCO _cBIBLIOTECA MUNICIPAL DEL CUSCO |
||
| 082 |
_a309.185 / _bM23 |
||
| 100 |
_aMatos Mar, José _94659 |
||
| 245 |
_aEl Perú actual : _b(Sociedad y política) / |
||
| 260 |
_aMéxico : _bUnam (universidad nacional autónoma de México), _c1970. |
||
| 300 |
_a179 páginas ; _c23 cm. |
||
| 505 | _aContenido :Dominación, desarrollos desigualdad y pluralismo en la sociedad y cultura peruanas -- La mecánica de la dominación interna y del cambio social en el Perú -- Mito y realidad de la oligarquía peruana -- Dependencia y cultura -- Organizaciones campesinas en el Perú ... | ||
| 650 |
_aHistoria del Perú _9259 |
||
| 650 |
_aPolítica y sociedad _931979 |
||
| 700 |
_aCotler, Julio _94661 |
||
| 700 |
_aBravo Bresani, Jorge _94660 |
||
| 700 |
_aSalazar Bondy, Augusto _91562 |
||
| 700 |
_aPortocarrero, Felipe _931980 |
||
| 942 |
_2ddc _cLIBROS |
||
| 945 |
_arum _d2019-04-15 |
||